| 000 | 02580nam a2200313 i 4500 | ||
|---|---|---|---|
| 001 | 0000076145 | ||
| 005 | 20250329165414.0 | ||
| 007 | ta | ||
| 008 | 190415s2022 000 0 eng d | ||
| 040 |
_aCO-CtgCURN _bspa _ccoctgcurn _erda |
||
| 082 | 0 |
_aAPH 2022 _bM631 |
|
| 100 | 1 |
_aMieles del Toro, Sergio Andrés, _eauthor. _4aut |
|
| 245 | 1 | 0 |
_aConsecuencias en los trastornos mentales causados por el SARS-CoV-2 en los estudiantes de tecnología en atención prehospitalaria, durante la pandemia en el período 2022 / _cSergio Andrés Mieles del Toro; Brayan Daniel Olier Jinete; Duván José Morales González; asesor Viviana Herrán Villalba. |
| 260 |
_aCartagena de Indias : _bCorporación Universitaria Rafael Núñez, _c2022. |
||
| 260 | 4 | _c©2022. | |
| 300 | _a71 hojas. | ||
| 336 |
_atext _btxt _2rdacontent |
||
| 337 |
_aunmediated _bn _2rdamedia |
||
| 338 |
_avolume _bnc _2rdacarrier |
||
| 504 | _aTrabajo de grado (Tecnologo en Atencion Prehospitalaria). Corporación Universitaria Rafael Nuñez. Facultad de Ciencias de la Salud. Tecnologia en Atencion Prehospitalaria, 2022. | ||
| 520 | _a"La pandemia por el virus SARS-CoV-2 ha afectado sustancialmente a toda la población, impactando negativamente múltiples aspectos de la vida humana, en lo físico, psicológico, económico, social y cultural. Esta investigación es descriptiva, ya que se evaluará el efecto negativo causado por la pandemia en la salud mental de los estudiantes, es prácticamente contar con la participación de los Tecnólogos en Atención Pre hospitalaria de primer semestre en delante de la Corporación Universitaria Rafael Núñez (CURN). Para la información se diseñaron autoevaluaciones tomando como ejemplo algunas ya creadas y planteadas por personal de psicología que permite identificar los efectos secundarios que produjo el virus SARS-CoV-2 en la salud mental, clínicas y si han presentado algún riesgo que generó una alteración psicológica enfocada en la depresión; los resultados los podrán saber los mismo dependiendo de las respuestas que estos llenen." | ||
| 650 | 1 | 4 |
_aAtención prehospitalaria _vTesis y disertaciones academicas. |
| 700 | 1 | _aMorales González, Duván José. | |
| 700 | 1 | _aOlier Jinete, Brayan Daniel. | |
| 700 | 1 |
_aHerrán Villalba, Viviana, _easesor. |
|
| 856 |
_uhttps://unicurn.sharepoint.com/:b:/s/biblioteca/EY-VjkM0PvtFm-dDNRpei8sBfEb8qM-xsJGCRHVQNG_Odg?e=R2rloo _zClick para ver el recurso en texto completo |
||
| 942 |
_2ddc _cTG _hAPH 2022 _iM631 |
||
| 999 |
_c2900 _d2900 |
||